000
00322nam a2200133Ia 4500
008
150201s2005 xx 000 0 und d
082
_a
610
_b
C05C
100
_a
CLEMETN,JOHN G
245
_a
COMPUTER-GRAPHIC FACIAL RECONSTRUCTION
250
_a
1ST
260
_b
ELSEVIER
_a
DELHI
_c
2005
650
_a
SURGERY
942
_2
ddc
_c
BK
999
_c
678
_d
678